| 000 | 00481nam a2200145Ia 4500 | ||
|---|---|---|---|
| 008 | 190813s9999 xx 000 0 und d | ||
| 020 | _a9781138086746 | ||
| 100 | _aReiter, Michael D. | ||
| 245 |
_cMichael D. Reiter.-- _aFamily therapy : _ban introduction to process, practice and theory / |
||
| 260 |
_aNew York : _bRoutledge _c2018 |
||
| 300 | _a252 pages. | ||
| 500 | _aIncluded bibliographical references and index. | ||
| 650 | _aFamily psychotherapy. | ||
| 650 | _aPsychology. | ||
| 999 |
_c362054 _d362054 |
||